Municipios de Caldas - Map Quiz - Estadísticas

Estadísticas generales
  • Esta prueba ha sido intentada 1.228 veces
  • La puntuación promedio es 20 de 27
Respuestas en el mapa
Las respuestas están codificadas por una escala verde-roja en el mapa de la prueba según el % correcto abajo.
 
Estadísticas de respuestas
Respuesta % Correcto
MANIZALES
99%
LA DORADA
91%
CHINCHINA
86%
AGUADAS
83%
MANZANARES
82%
VILLAMARIA
82%
NEIRA
81%
RIOSUCIO
81%
SALAMINA
78%
MARQUETALIA
76%
PALESTINA
76%
PENSILVANIA
76%
SUPIA
76%
ANSERMA
75%
NORCASIA
75%
ARANZAZU
73%
PACORA
73%
FILADELFIA
71%
MARMATO
71%
SAMANA
70%
VITERBO
70%
RISARALDA
69%
VICTORIA
69%
MARULANDA
66%
BELALCAZAR
65%
LA MERCED
62%
SAN JOSE
62%
No se encontraron pruebas coincidentes
Distribución de puntuación
Porcentaje de gente con cada puntuación
Porcentaje por número respondido
Historial de tus puntuaciones
No has intentado esta prueba.